000
00286nam a2200121Ia 4500
008
191201s2014 xx 000 0 und d
100
_a
DOGRA, Rakesh
245
0
_a
Advances in Material Science
250
_a
Rep
260
_c
2014
_b
Kataria
_a
NEW DELHI
300
_a
493
942
_2
ddc
_c
BK
999
_c
8129
_d
8129